000 00286nam a22001337a 4500
008 181011b xxu||||| |||| 00| 0 eng d
020 _a9780815146391
041 _aeng
080 _a617
100 _a6
101 _aANE
245 _aPeioperative Care
_cStone, D.J
942 _2udc
_cBK
999 _c49366
_d49366